[Event "Druzynowe Mistrzostwa Polski Juniorow - I Liga 2023"]
[Site "Lublin"]
[Date "1899-12-30"]
[Round "9.49"]
[White "Borowik, Wojciech"]
[Black "Stypka, Sebastian"]
[Result "1-0"]
[WhiteTitle "I++"]
[BlackTitle "II"]
[WhiteElo "1823"]
[BlackElo "1447"]

1. d4 d5 2. c4 e6 3. Nf3 Nf6 4. g3 Be7 5. Bg2 O-O 6. O-O dxc4 7. Qc2 a6 8. Qxc4
b5 9. Qc2 Bb7 10. Nc3 Nc6 11. Rd1 Nb4 12. Qb3 Rc8 13. a4 Bd5 14. Nxd5 Qxd5 15.
Qxd5 Nbxd5 16. Ne5 c5 17. axb5 axb5 18. Ra5 cxd4 19. Rxb5 Rc5 20. Rxc5 Bxc5 21.
Bd2 Rb8 22. Bxd5 exd5 23. Nd3 Bd6 24. Rc1 h6 25. f3 Kf8 26. Rc6 Ke7 27. Rxd6 Rxb2
28. Nxb2 Kxd6 29. Bf4+ Ke6 30. Nd3 Nd7 31. Bc1 Nb8 32. Nb4 g5 33. Bb2 Ke5 34.
e3 Ke6 35. Bxd4 Nd7 36. Nd3 h5 37. Nc5+ 1-0

[Event "Druzynowe Mistrzostwa Polski Juniorow - I Liga 2023"]
[Site "Lublin"]
[Date "1899-12-30"]
[Round "9.50"]
[White "Walaszczyk, Mikolaj"]
[Black "Bartnik, Michal"]
[Result "1/2-1/2"]
[WhiteTitle "II"]
[BlackTitle "I"]
[WhiteElo "1476"]
[BlackElo "1580"]

1. d4 d5 2. Nf3 Nf6 3. c4 e6 4. Nc3 b6 5. Bf4 a6 6. e3 Bb7 7. Be2 Nbd7 8. O-O Be7
9. h3 O-O 10. Re1 c5 11. cxd5 Nxd5 12. Bg3 b5 13. a4 Nxc3 14. bxc3 c4 15. Qb1
Bc6 16. e4 Qb6 17. Ne5 Nxe5 18. Bxe5 Qb7 19. Bf1 Qd7 20. axb5 axb5 21. Qc2 Bd6
22. Bxd6 Qxd6 23. e5 Qc7 24. f4 g6 25. Qb2 Qe7 26. Rxa8 Rxa8 27. Ra1 Rxa1 28.
Qxa1 Qb7 29. Qa5 Qa8 30. Qxa8+ Bxa8 31. Kf2 Kf8 32. Ke3 h5 33. h4 Ke7 34. g3 Bd5
35. Be2 Kd7 36. g4 hxg4 37. Bxg4 Ke7 1/2-1/2

[Event "Druzynowe Mistrzostwa Polski Juniorow - I Liga 2023"]
[Site "Lublin"]
[Date "1899-12-30"]
[Round "9.51"]
[White "Jaszczuk, Piotr"]
[Black "Zmarzly, Wiktor"]
[Result "1-0"]
[WhiteTitle "II"]
[BlackTitle "I+"]
[WhiteElo "1619"]
[BlackElo "1818"]

1. e4 c5 2. a3 e6 3. b4 cxb4 4. axb4 Bxb4 5. Bb2 Nf6 6. e5 Nd5 7. c4 Ne7 8. Nf3
O-O 9. Nc3 d6 10. exd6 Bxd6 11. d4 Nd7 12. Bd3 Nf6 13. O-O Ng6 14. Nb5 Be7 15.
Nxa7 Bd7 16. Qb3 Qb8 17. Nb5 Rxa1 18. Rxa1 Bc6 19. Bf1 Ng4 20. g3 e5 21. d5 e4
22. Nfd4 Bxb5 23. Nxb5 Bc5 24. Bd4 Bxd4 25. Nxd4 Qe5 26. Rd1 e3 27. fxe3 Qf6 28.
Rd2 Re8 29. Nc2 N6e5 30. Bg2 Nf3+ 31. Bxf3 Qxf3 32. d6 Nxe3 33. Nxe3 Rxe3 34.
Qd1 Qxd1+ 35. Rxd1 Re8 36. c5 Rc8 37. Kf2 f6 38. Ke3 Kf7 39. Kd4 Rd8 40. Kd5 Ra8
41. Re1 Re8 42. Rb1 Rb8 43. Ra1 Rd8 44. Ra7 Rd7 45. Ra8 f5 46. Rc8 g5 47. Rc7
Ke8 48. Ke6 1-0

[Event "Druzynowe Mistrzostwa Polski Juniorow - I Liga 2023"]
[Site "Lublin"]
[Date "1899-12-30"]
[Round "9.52"]
[White "Staniczek, Kacper"]
[Black "Toczylowski, Mateusz"]
[Result "1-0"]
[WhiteTitle "I"]
[BlackTitle "II"]
[WhiteElo "1398"]
[BlackElo "1140"]

1. e4 c5 2. Nf3 Nc6 3. d4 cxd4 4. Nxd4 Nf6 5. Nc3 g6 6. Be3 Bg7 7. Bc4 O-O 8. Bb3
d6 9. h3 Bd7 10. O-O Nxd4 11. Bxd4 Bc6 12. f3 Rc8 13. Qd2 Qd7 14. Rad1 Rfd8 15.
Qf2 a6 16. e5 Nh5 17. exd6 exd6 18. Rd2 Bxd4 19. Rxd4 Nf6 20. Rfd1 d5 21. Nxd5
Nxd5 22. Bxd5 Bxd5 23. c4 Qf5 24. Rxd5 Rxd5 25. cxd5 Qc2 26. Qxc2 Rxc2 27. d6
Rc8 28. Kf2 Kf8 29. Ke3 Rd8 30. Ke4 f6 31. Kd5 Ke8 32. Ke6 f5 33. d7+ Kf8 34.
Rc1 Kg7 35. Rc8 Rxc8 36. dxc8=Q 1-0

[Event "Druzynowe Mistrzostwa Polski Juniorow - I Liga 2023"]
[Site "Lublin"]
[Date "1899-12-30"]
[Round "9.53"]
[White "Arciszewska, Zuzanna"]
[Black "Lach, Alicja"]
[Result "1-0"]
[WhiteTitle "I++"]
[BlackTitle "I"]
[WhiteElo "1726"]
[BlackElo "1164"]

1. d4 Nf6 2. c4 c5 3. d5 b5 4. cxb5 a6 5. bxa6 Bxa6 6. Nc3 d6 7. Nf3 g6 8. Nd2
Bg7 9. e4 Bxf1 10. Nxf1 O-O 11. Ne3 Nbd7 12. O-O Qa5 13. Bd2 Rfb8 14. Qc2 Qa6
15. a4 Ne5 16. b3 Nfg4 17. Rab1 Nxe3 18. Bxe3 c4 19. b4 Ng4 20. Bd2 Bd4 21. a5
Bxc3 22. Bxc3 Rb7 23. h3 Nf6 24. Bxf6 exf6 25. Qc3 Kg7 26. Rfe1 Rc8 27. Re3 Re8
28. Re2 Rc8 29. Kh1 Rb5 30. Rc2 Rb7 31. f4 Rb5 32. Rd2 Qb7 33. Rdb2 Qa6 34. Rd1
Qb7 35. Rd4 Rc7 36. Kh2 Rc8 37. Rdd2 Rc7 38. Rd4 Rc8 39. Rd1 Rc7 40. Re1 Rc8 41.
Ra1 Qa6 42. Rd2 Qa8 43. Rd4 Qb8 44. Ra4 Qc7 45. a6 Rbb8 46. b5 Rxb5 47. Rdxc4
Rc5 48. Rxc5 dxc5 49. e5 Qd7 50. exf6+ Kg8 51. Qc4 Qc7 52. Ra3 Ra8 53. Qe4 Qb6
54. d6 1-0

[Event "Druzynowe Mistrzostwa Polski Juniorow - I Liga 2023"]
[Site "Lublin"]
[Date "1899-12-30"]
[Round "9.54"]
[White "Moczala, Maja"]
[Black "Borowik, Monika"]
[Result "0-1"]
[WhiteTitle "I++"]
[BlackTitle "I"]
[WhiteElo "1651"]
[BlackElo "1408"]

1. e4 c5 2. Nf3 Nc6 3. c3 d5 4. exd5 Qxd5 5. d4 Bf5 6. Be3 e6 7. Be2 Bxb1 8. Rxb1
cxd4 9. Nxd4 Nxd4 10. Qxd4 Ne7 11. Qa4+ Nc6 12. Bf3 Qd7 13. Rd1 Qc7 14. Bf4 e5
15. Bg3 Bd6 16. O-O O-O 17. Bxc6 bxc6 18. Rfe1 Rfe8 19. Qe4 Re6 20. b3 Rc8 21.
Re2 Qa5 22. Qc4 Qc7 23. h3 h6 24. Red2 Rce8 25. Qe4 Rg6 26. c4 Re7 27. Qe3 Bb4
28. Rd8+ Kh7 29. Ra8 Rd6 30. Rxd6 Qxd6 31. Qe4+ g6 32. Rc8 Re6 33. Qh4 Ba5 34.
Qe4 Bb6 35. Kh2 Qd7 36. Ra8 Bc5 37. f4 f5 38. Qc2 Qd4 39. Qc1 e4 40. Rc8 Re7 41.
Rxc6 e3 42. Qe1 e2 43. b4 Bd6 44. c5 Bxf4 45. Bxf4 Qxf4+ 46. Kg1 Qd4+ 47. Kh2
Qd1 48. Qg3 g5 49. Qf3 Qf1 50. Qc3 Qf4+ 51. g3 Qf2+ 52. Kh1 e1=Q+ 53. Qxe1 Rxe1#
0-1

[Event "Druzynowe Mistrzostwa Polski Juniorow - I Liga 2023"]
[Site "Lublin"]
[Date "1899-12-30"]
[Round "9.55"]
[White "Lochinski, Pawel"]
[Black "Pisarek, Jan"]
[Result "0-1"]
[WhiteTitle "I"]
[BlackTitle "I"]
[WhiteElo "1709"]
[BlackElo "1956"]

1. e4 c5 2. Nf3 e6 3. d4 cxd4 4. Nxd4 Nf6 5. Nc3 Nc6 6. Nxc6 bxc6 7. e5 Nd5 8.
Ne4 Qc7 9. f4 Qb6 10. c4 Bb4+ 11. Ke2 f5 12. exf6 Nxf6 13. Be3 Qd8 14. Nxf6+ Qxf6
15. Qd4 O-O 16. Qxf6 Rxf6 17. c5 e5 18. g3 d5 19. a3 Ba5 20. Kd1 Bc7 21. fxe5
Bxe5 22. Bd3 Bxb2 23. Rb1 Be5 24. Re1 Bf5 25. Kd2 Bxd3 26. Kxd3 Rf3 27. Kd2 Raf8
28. Rb7 R8f7 29. Rxf7 Kxf7 30. Ke2 Rf6 31. Rb1 Ke6 32. Kd3 Rf3 33. Ke2 Rf8 34.
Rb7 d4 35. Bd2 Ra8 36. Kd3 Kd5 37. Bf4 Bf6 38. Bd6 a5 39. Rd7 Rd8 40. Ra7 Re8
41. Rxa5 Re3+ 42. Kd2 Rf3 43. h4 Ke4 44. Ra8 Rf2+ 45. Ke1 Ra2 0-1

[Event "Druzynowe Mistrzostwa Polski Juniorow - I Liga 2023"]
[Site "Lublin"]
[Date "1899-12-30"]
[Round "9.56"]
[White "Duda, Leon"]
[Black "Grzebieniowski, Michal"]
[Result "1-0"]
[WhiteTitle "I"]
[BlackTitle "I"]
[WhiteElo "1555"]
[BlackElo "1603"]

1. e4 c6 2. d4 d5 3. exd5 cxd5 4. Bd3 Nf6 5. c3 Nc6 6. Bf4 g6 7. Nf3 Bg7 8. O-O
O-O 9. Nbd2 a6 10. Ne5 Nd7 11. Ndf3 Re8 12. Re1 Ndxe5 13. Nxe5 Bd7 14. Qb3 Bc8
15. Re2 Na5 16. Qc2 b5 17. Rae1 Bd7 18. b4 Nc4 19. Bxc4 dxc4 20. Qe4 Be6 21. Nc6
Qd7 22. Ne5 Qd5 23. Qxd5 Bxd5 24. Nd7 Be6 25. Nc5 Bf5 26. Rxe7 Rxe7 27. Rxe7 Bf8
28. Rb7 Re8 29. f3 Re1+ 30. Kf2 Ra1 31. g4 Rxa2+ 32. Kg3 g5 33. Be5 Bd3 34. Nd7
Bf1 35. Nf6+ Kg7 36. Ne4+ Kg8 37. Nxg5 a5 38. Rb8 axb4 39. Bd6 Kg7 40. Bxf8+ Kg6
41. Rb6+ 1-0

[Event "Druzynowe Mistrzostwa Polski Juniorow - I Liga 2023"]
[Site "Lublin"]
[Date "1899-12-30"]
[Round "9.57"]
[White "Adamczyk, Kacper"]
[Black "Niesyt, Michal"]
[Result "0-1"]
[WhiteTitle "II"]
[BlackTitle "I"]
[WhiteElo "1277"]
[BlackElo "1564"]

1. c4 e6 2. g3 Nf6 3. Bg2 d5 4. d4 c6 5. a4 Bd6 6. c5 Bc7 7. b4 Nbd7 8. Nc3 e5
9. e3 Qe7 10. Nge2 e4 11. a5 a6 12. Na4 Nf8 13. h3 Ne6 14. Nb6 Bxb6 15. axb6 Ng5
16. Nc3 Bd7 17. h4 Bg4 18. hxg5 Bxd1 19. gxf6 Qxf6 20. Nxd1 Ke7 21. Nc3 h5 22.
Ne2 g5 23. Bb2 Qg6 24. Kd2 f5 25. Bc3 Rh7 26. Rag1 Rah8 27. Ke1 h4 28. gxh4 Rxh4
29. Rxh4 Rxh4 30. Rh1 Rxh1+ 31. Bxh1 f4 32. exf4 gxf4 33. Kd2 0-1

[Event "Druzynowe Mistrzostwa Polski Juniorow - I Liga 2023"]
[Site "Lublin"]
[Date "1899-12-30"]
[Round "9.58"]
[White "Markowski, Tymon"]
[Black "Modzelan, Wojciech"]
[Result "0-1"]
[WhiteTitle "II"]
[BlackTitle "II"]
[WhiteElo "1329"]
[BlackElo "1091"]

1. e4 c5 2. b3 d6 3. Bb2 Nf6 4. Bb5+ Bd7 5. Bxd7+ Nbxd7 6. Nc3 e5 7. Nge2 g6 8.
O-O Bg7 9. Rb1 O-O 10. f4 Qe7 11. d3 Nb6 12. fxe5 dxe5 13. Ng3 Rad8 14. Qf3 Qe6
15. Bc1 Nbd7 16. Bg5 h6 17. Be3 Rc8 18. h3 a6 19. a4 Qc6 20. Rfc1 b5 21. axb5
axb5 22. Nd5 Nxd5 23. exd5 Qb7 24. Ne4 Qxd5 25. Nc3 Qxf3 26. gxf3 b4 27. Na4 Rfe8
28. Re1 f5 29. Rbd1 Bf8 30. f4 Kh7 31. Kg2 Bd6 32. fxe5 Bxe5 33. Bd4 Bxd4 34.
Kf1 g5 35. Rd2 Bf2 36. Rxf2 Rxe1+ 37. Kxe1 Re8+ 38. Kd2 f4 39. Nb2 Re3 40. h4
Ne5 41. Nd1 Ng4 42. Re2 Rxe2+ 43. Kxe2 gxh4 44. Kf3 Ne3 45. Nxe3 fxe3 46. Kxe3
Kg6 47. Ke4 h3 48. Kf3 h2 49. Kg2 h1=Q+ 50. Kxh1 Kf5 0-1

[Event "Druzynowe Mistrzostwa Polski Juniorow - I Liga 2023"]
[Site "Lublin"]
[Date "1899-12-30"]
[Round "9.59"]
[White "Ziobrowska, Maja"]
[Black "Bialek, Alicja"]
[Result "1-0"]
[WhiteTitle "I++"]
[BlackTitle "I"]
[WhiteElo "1759"]
[BlackElo "1503"]

1. e4 c5 2. Nc3 a6 3. g3 g6 4. Bg2 Bg7 5. Nge2 Nc6 6. O-O d6 7. d3 Nf6 8. h3 O-O
9. f4 Qc7 10. g4 b5 11. g5 Nh5 12. f5 Nd4 13. Nd5 Qd8 14. f6 Nxe2+ 15. Qxe2 Nxf6
16. gxf6 exf6 17. Bd2 Ra7 18. Bc3 f5 19. Rae1 fxe4 20. Qxe4 f5 21. Qe3 Qh4 22.
Rf4 Qd8 23. Ne7+ Kh8 24. Bxg7+ Kxg7 25. Nc6 Qc7 26. Nxa7 1-0

[Event "Druzynowe Mistrzostwa Polski Juniorow - I Liga 2023"]
[Site "Lublin"]
[Date "1899-12-30"]
[Round "9.60"]
[White "Gajda, Anna"]
[Black "Mataczyna, Aleksandra"]
[Result "1-0"]
[WhiteTitle "I"]
[BlackTitle "I"]
[WhiteElo "1243"]
[BlackElo "1166"]

1. e4 e5 2. Nf3 Nc6 3. Bb5 a6 4. Ba4 Nf6 5. Bxc6 dxc6 6. d3 Bd6 7. Nbd2 Be6 8.
b3 c5 9. Bb2 Nd7 10. Nc4 Qf6 11. Qd2 b5 12. Ne3 c6 13. a4 Nb6 14. a5 Nd7 15. O-O
O-O 16. Rfd1 Rab8 17. Rab1 Bc7 18. h3 Rfe8 19. Nh2 Qd8 20. Ra1 b4 21. Nc4 f6 22.
Nf1 Rb5 23. Nfe3 Nb8 24. Rf1 Bxa5 25. Nxa5 Rxa5 26. Rxa5 Qxa5 27. f4 exf4 28.
Rxf4 Qc7 29. Nf5 Nd7 30. Qf2 Ne5 31. g4 Ng6 32. Rf3 Qb6 33. g5 Ne5 34. Rg3 Kh8
35. gxf6 gxf6 36. Nd6 Qd8 37. Nxe8 1-0